000 00633cam a22002652a 4500
999 _c35558
_d35558
001 023640
003 AR-FADEU
005 20220615132432.0
008 311216n1993####xxu####################dd
020 _a84-206-1655-9
040 _cBiblioteca Ernesto Sábato
092 _a861.64
_bH557-3
_eJLS
100 _aHernández, Miguel
245 _aPoemas sociales de guerra y de muerte
250 _a3a. ed
260 _aMadrid
260 _bAlianza
260 _c1979
300 _a123 p
440 _aLiteratura
_n 653
650 _aLITERATURA ESPAÑOLA
650 _aPOESÍA
650 _aJLS
942 _cJLS
_2ddc